Six days of war : (Record no. 27770)

MARC details
000 -LEADER
campo de control de longitud fija 01612cam a22003614a 4500
003 - IDENTIFICADOR DE NÚMERO DE CONTROL
campo de control BJBSDDR
005 - FECHA Y HORA DE LA ÚLTIMA TRANSACCIÓN
campo de control 20230410103903.0
007 - CAMPO FIJO DE DESCRIPCIÓN FÍSICA--INFORMACIÓN GENERAL
campo de control de longitud fija ta
008 - DATOS DE LONGITUD FIJA--INFORMACIÓN GENERAL
campo de control de longitud fija 030311s2003 nyuab 000 0 eng
020 ## - NÚMERO INTERNACIONAL ESTÁNDAR DEL LIBRO
Número Internacional Estándar del Libro 0345461924 (pbk.)
035 ## - NÚMERO DE CONTROL DEL SISTEMA
Número de control de sistema 13119978
035 ## - NÚMERO DE CONTROL DEL SISTEMA
Número de control de sistema (DLC) 2003103713
040 ## - FUENTE DE CATALOGACIÓN
Centro catalogador/agencia de origen DLC
Centro/agencia transcriptor DLC
Lengua de catalogación spa
041 ## - CÓDIGO DE IDIOMA
Código de lengua del texto/banda sonora o título independiente spa
042 ## - CÓDIGO DE AUTENTICACIÓN
Código de autenticación pcc
043 ## - CÓDIGO DE ÁREA GEOGRÁFICA
Código de área geográfica a-is---
-- aw-----
050 00 - SIGNATURA TOPOGRÁFICA DE LA BIBLIOTECA DEL CONGRESO
Número de clasificación 416 DS 127
Número de ítem O66s 2003
082 00 - NÚMERO DE LA CLASIFICACIÓN DECIMAL DEWEY
Número de clasificación 956.046
Número de edición 22
100 1# - ENTRADA PRINCIPAL--NOMBRE DE PERSONA
Nombre de persona Oren, Michael B.,
Fechas asociadas al nombre 1955-
245 10 - MENCIÓN DEL TÍTULO
Título Six days of war :
Resto del título June 1967 and the making of the modern Middle East /
Mención de responsabilidad, etc. Michael B. Oren.
250 ## - MENCION DE EDICION
Mención de edición 1st Presidio Press ed.
260 ## - PUBLICACIÓN, DISTRIBUCIÓN, ETC.
Lugar de publicación, distribución, etc. New York :
Nombre del editor, distribuidor, etc. Ballantine Books,
Fecha de publicación, distribución, etc. 2003.
300 ## - DESCRIPCIÓN FÍSICA
Extensión xv, 460 p. :
Otras características físicas ill., maps ;
Dimensiones 24 cm.
500 ## - NOTA GENERAL
Nota general "A Presidio Press book"--T.p. verso.
520 ## - RESUMEN, ETC.
Sumario, etc. In one of the most valuable recent works on this subject, Oren, a scholar and Senior Fellow at the Shalem Center, Jerusalem, details events from the Six Day War known in the Arab world as Al-Naksah or simply the June war. "This is not only the best book so far written on the Six-Day War, it is likely to remain the best."--"The Washington Post Book World."
650 #0 - PUNTO DE ACCESO ADICIONAL DE MATERIA--TÉRMINO DE MATERIA
Término de materia o nombre geográfico como elemento de entrada Israel-Arab War, 1967.
650 #4 - PUNTO DE ACCESO ADICIONAL DE MATERIA--TÉRMINO DE MATERIA
Término de materia o nombre geográfico como elemento de entrada Guerra árabe-israelí
9 (RLIN) 3735
Subdivisión cronológica 1967-1993.
651 #4 - PUNTO DE ACCESO ADICIONAL DE MATERIA--NOMBRE GEOGRÁFICO
9 (RLIN) 3733
Nombre geográfico Medio Oriente.
856 42 - LOCALIZACIÓN Y ACCESO ELECTRÓNICOS
Materiales especificados Contributor biographical information
Identificador Uniforme de Recursos <a href="http://www.loc.gov/catdir/bios/random055/2003103713.html">http://www.loc.gov/catdir/bios/random055/2003103713.html</a>
856 41 - LOCALIZACIÓN Y ACCESO ELECTRÓNICOS
Materiales especificados Sample text
Identificador Uniforme de Recursos <a href="http://www.loc.gov/catdir/samples/random043/2003103713.html">http://www.loc.gov/catdir/samples/random043/2003103713.html</a>
856 42 - LOCALIZACIÓN Y ACCESO ELECTRÓNICOS
Materiales especificados Publisher description
Identificador Uniforme de Recursos <a href="http://www.loc.gov/catdir/description/random048/2003103713.html">http://www.loc.gov/catdir/description/random048/2003103713.html</a>
942 ## - ELEMENTOS DE ENTRADA SECUNDARIOS (KOHA)
Fuente del sistema de clasificación o colocación Clasificación de Library of Congress
Tipo de ítem Koha Libro
Holdings
Estatus retirado Estado de pérdida Fuente del sistema de clasificación o colocación Estado de daño No para préstamo Colección Biblioteca de origen Biblioteca actual Ubicación en estantería Fecha de adquisición Serial enumeration / chronology Signatura topográfica completa Código de barras Visto por última vez Copia número Tipo de ítem Koha
    Clasificación de Library of Congress     Recursos Regionales Biblioteca Juan Bosch Biblioteca Juan Bosch Recursos Regionales (2do. Piso) 10/04/2023 1 416 DS 127 O66s 2003 00000030566 23/10/2018 1